| 000 | 01135cad a22002175a 4500 | ||
|---|---|---|---|
| 001 | L139624 | ||
| 008 | 070731s2007 xxkd f s f000 0 eng d | ||
| 035 | _a(Sirsi) u139624 | ||
| 041 | 0 | _aeng | |
| 050 | 0 | 4 | _a344.410465 $2 18 |
| 110 | 2 |
_aGreat Britain _bHealth and Safety Commission |
|
| 245 | 0 | 0 |
_aStatistics of fatal injuries _b2006-07 _h[electronic resource] |
| 260 |
_a[S.l.] _bHSE _c2007 |
||
| 520 | _aReveal that construction and agriculture have the highest rates of fatal injury of the main industrial sectors, accounting for 46% of fatal injuries to workers in 2006-07. The most common type of accident is falling from a height, which accounts for 19% of fatal injuries. The construction sector saw 77 fatalities, comprising of 50 employees and 27 self employed workers. This is an increase on the 2005-06 figure of 60 fatalities. | ||
| 590 | _aKA | ||
| 651 | 4 |
_aGreat Britain _y1707- |
|
| 690 |
_aHealth and safety _96244 |
||
| 710 | 1 |
_aUnited Kingdom _bOffice of National Statistics _92035 |
|
| 856 | 4 | 0 |
_uhttps://www.hse.gov.uk/statistics/fatals.htm _zView the statistics free of charge at www.hse.gov.uk... |
| 942 | _n0 | ||
| 999 |
_c107317 _d107317 |
||